• 首页
  • 本馆介绍
  • 公告通知
  • 最新文献
  • 馆藏检索
  • 电子资源
  • 读者导购
  • 参考咨询
  • 我的图书馆
  • 登录
  • 详细信息显示
  • 放入我的书架
  • 预约/预借图书
  • 作者相关作品
  • 分类相关作品
  • 丛书相关作品
  • 出版社相关作品

书目信息

  • 表格格式
  • 工作单格式
  • 卡片格式
题名:
学报编辑修养
    
 
作者: ;全国高等学校文科学报研究会 编
分册:  
出版信息: 长春   吉林大学出版社  1993
页数: 367页
开本: 20cm
丛书名:
单 册:
中图分类: G216.3
科图分类:
主题词: 社会科学学报-高等学校-编辑工作--文集 , 编辑工作-社会科学学报-高等学校--文集 , 高等学校-社会科学学报-编辑工作--文集
电子资源:
ISBN: 7-5601-1364-8
000 00947nam0 2200241 45
001 0196108119
005 20070731155214.87
010    @a7-5601-1364-8@dCNY6.40@z7-5601-1364-812.56
100    @a19961007d1993 em y0chiy0120 ea
101 0  @achi
102    @aCN@b220000
105    @ay z 100yy
200 10 @a学报编辑修养@Axue bao bian ji xiu yang@e全国高校文科学报老编辑理论研讨会论文集@f全国高等学校文科学报研究会编
210    @a长春@c吉林大学出版社@d1993
215    @a367页@d20cm
517 1  @a全国高校文科学报老编辑理论研讨会论文集@Aquan guo gao xiao wen ke xue bao lao bian ji li lun yan tao hui lun wen ji
606    @a社会科学学报-高等学校-编辑工作@x文集
606    @a编辑工作-社会科学学报-高等学校@x文集
606    @a高等学校-社会科学学报-编辑工作@x文集
690    @aG216.3@v3
711 02 @a全国高等学校文科学报研究会@Aquan guo gao deng xue xiao wen ke xue bao yan jiu hui@4编
801  0 @aCN@bTSSF@c20070731
905    @a10447@dG216.3@e253
    
    学报编辑修养:全国高校文科学报老编辑理论研讨会论文集/全国高等学校文科学报研究会编.-长春:吉林大学出版社,1993
    367页;20cm
    
    
    ISBN 7-5601-1364-8:CNY6.40
    
●
相关链接 在E读中查询图书 在五车中查询图书 在当当中查询图书 在豆瓣中查询图书


正题名:学报编辑修养     索取号:G216.3/253         预约/预借

序号 登录号 条形码 馆藏地/架位号 状态 备注
1 0787310   207873103   第一样本阅览室/ [索取号:G216.3/253] 在馆    
欢迎您!
大连网信软件有限公司© 版权所有